MCQ'S BOOK FOR PHARMACY (Record no. 32492)

MARC details
000 -LEADER
fixed length control field 00253nam a22001217a 4500
003 - CONTROL NUMBER IDENTIFIER
control field SGT
082 ## - DEWEY DECIMAL CLASSIFICATION NUMBER
Classification number 615
Item number PAT
100 ## - MAIN ENTRY--PERSONAL NAME
Personal name PATIL, DR. VIKAS
245 ## - TITLE STATEMENT
Title MCQ'S BOOK FOR PHARMACY
260 ## - PUBLICATION, DISTRIBUTION, ETC. (IMPRINT)
Place of publication, distribution, etc INDIA
Name of publisher, distributor, etc IP PUB.
Year of Publication 2022
300 ## - PAGE DESCRIPTION
No. of Pages 146
942 ## - ADDED ENTRY ELEMENTS (KOHA)
Source of classification or shelving scheme Dewey Decimal Classification
Koha item type Books
Holdings
Withdrawn status Lost status Source of classification or shelving scheme Damaged status Not for loan Collection code Home library Current library Date acquired SGTU Total Checkouts Full call number Accession No. (Barcode) Date last seen Bill Date Koha item type
    Dewey Decimal Classification     SCIENCE SGT Science & Social Sciences Library SGT Science & Social Sciences Library 26/08/2025 SGTU   615 PAT DP163 26/08/2025 26/08/2025 Books